Band logo quiz - Statistics

General Stats
  • This quiz has been taken 218 times
  • The average score is 7 of 11
Answer Stats
Picture Answer % Correct
Nirvana
95%
Pink Floyd
92%
Red Hot Chili Peppers
90%
Queen
81%
Radiohead
74%
Foo Fighters
73%
Weezer
60%
Ramones
58%
Sublime
44%
Pearl Jam
40%
Smashing Pumpkins
15%
No matching quizzes found
Score Distribution
Percent of People with Each Score
Percentile by Number Answered
Your Score History
You have not taken this quiz